01604 a2200181 45000010006000000050017000060080041000230030015000640400040000790800052001192450062001710200018002332640044002513000018002955051070003130410008013831000031013915470220260407155821.0260407a1984 arg spa dAR-UNSa-BCEJYS aAR-UNSa-BCEJYSbspacAR-UNSa-BCEJYS a342xDerecho constitucional (Derecho Público)10aMeditaciones sobre la república, el poder y la libertad a950-43-0255-8 1aBuenos Aires :bEdiciones Depalmac1984 a98 p.c20 cm. a1. Es menester consolidar el equilibrio el sistema tripartito de los poderes del Estado – 2. Desajuste entre la Constitución formal y la Constitución material en el ejercicio del Poder de la Policía – 3. Daton o la libertad versus el poder – 4. ¿Argentina forma parte de Occidente? – 5. Cambalache – 6. Triunfo de los valores y principios de la Constitución Nacional – 7. Canibalismo ideológico – 8. ¿Democracia? ¿Qué democracia? – 9. Un nuevo deporte – 10. Breves reflexiones constitucionales sobre temas parlamentarios – 11. El sistema presidencial y la democracia – 12. ¿Son las comisiones parlamentarias una nueva versión del Comité de Salvación Publica? – 13. La consulta permanente al pueblo como garantía del ordenamiento democrático -14. El refrendo ministerial es esencial para los actos del Poder Ejecutivo – 15. La estrategia de ruptura en las causas políticas – 16. La tecno burocracia como factor de la concentración e incremento del poder – 17. El gigante Amapolas y el humanismo de Alberdi. aspa1 aEkmekdjian, Miguel Ángel